Gia cường móng

保存先:
書誌詳細
第一著者: Nguyễn, Văn Quang
その他の著者: Phùng, Đức Long
フォーマット: 図書
言語:Undetermined
出版事項: H. Khoa học và Kỹ thuật 1998
主題:
オンライン・アクセス:http://lrc.tdmu.edu.vn/opac/search/detail.asp?aID=2&ID=3676
タグ: タグ追加
タグなし, このレコードへの初めてのタグを付けませんか!
Thư viện lưu trữ: Trung tâm Học liệu Trường Đại học Thủ Dầu Một
LEADER 00692nam a2200205Ia 4500
001 TDMU_3676
008 210410s9999 xx 000 0 und d
082 |a 690.2 
090 |b N4994 
100 |a Nguyễn, Văn Quang 
245 0 |a Gia cường móng 
245 0 |c Nguyễn Văn Quang, Phùng Đức Long; Lê Quý An hiệu đính 
260 |a H. 
260 |b Khoa học và Kỹ thuật 
260 |c 1998 
300 |a 139tr. 
650 |a Nền móng công trình  |x Gia cố 
700 |a Phùng, Đức Long 
856 |u http://lrc.tdmu.edu.vn/opac/search/detail.asp?aID=2&ID=3676 
980 |a Trung tâm Học liệu Trường Đại học Thủ Dầu Một